000 00519nam a22002177a 4500
003 UA-OsUOA
001 56376
007 ta
008 20081017b un ||||| |||| 00| 0 ukr d
100 _aСнігур О.
090 _a32
_bС53
942 _cSA
040 _aUA-OsUOA
_bukr
_cUA-OsUOA
_dUA-OsUOA
245 _aБерлінський мороз/вступ України до НАТО
300 _aС.7
955 _a0
041 _aukr
080 _a32
773 0 _w56374
650 7 _a32 Політика
_2UDC
999 _c342460
_d342460